000 00291nam a22001097a 4500
008 160427b xxu||||| |||| 00| 0 eng d
020 _a0801660408
041 _aeng
080 _a618.2
245 1 0 _aPsychiatric nursing:
_cJudith Haber; Anita Leach McMahon; Pam Price-Hoskins;
942 _2udc
_cBK
999 _c1629
_d1629